000 00422pab a2200169 454500
008 180718b1999 xxu||||| |||| 00| 0 eng d
100 _aThorat, Sukhadeo
245 _aCaste and labour market discrimination
260 _c1999
300 _ap.891-54
362 _aOct-Dec
650 _aCaste
650 _aLabour market
700 _aDeshpande, R.S.
773 _aIndian Journal of Labour Economics
909 _a43367
999 _c43367
_d43367